[Event "CZE-ch Amateurs"]
[Site "Hluk"]
[Date "2025.05.07"]
[Round "3"]
[White "Karnik, Pavel"]
[Black "Nemec, David"]
[Result "1-0"]
[WhiteElo "2224"]
[BlackElo "2047"]
[PlyCount "65"]
[EventDate "2025.05.06"]
[EventType "swiss"]
[EventRounds "9"]
[EventCountry "CZE"]
[SourceTitle "CB20_2025"]
[SourceDate "2025.05.14"]
[SourceVersion "1"]
[SourceVersionDate "2025.05.14"]
[SourceQuality "1"]

1. d4 Nf6 2. c3 d5 3. Bg5 Ne4 4. Bf4 g6 5. Nd2 Nd6 6. f3 Bg7 7. e4 e6 8. Bd3 b6 9. e5 Nf5 10. Qe2 a5 11. g4 Ne7 12. Qe3 h6 13. h4 Ba6 14. Bxa6 Nxa6 15. Ne2 c5 16. a3 Qc8 17. h5 g5 18. Bg3 f5 19. exf6 Bxf6 20. 0-0 0-0 21. f4 Ra7 22. Nf3 Nc6 23. fxg5 hxg5 24. Ne5 Nxe5 25. Bxe5 Bxe5 26. Qxe5 Rg7 27. Rxf8+ Kxf8 28. h6 Rh7 29. Qf6+ Kg8 30. Qxg5+ Kh8 31. Qf6+ Kg8 32. Qg6+ Kh8 33. Rf1 1-0

[Event "CZE-chT2E 2223"]
[Site "Czech Republic"]
[Date "2023.01.22"]
[Round "7.3"]
[White "Nemec, David"]
[Black "Hajek, Zdenek"]
[Result "1-0"]
[WhiteElo "2023"]
[BlackElo "1981"]
[PlyCount "77"]
[EventDate "2022.10.16"]
[EventType "team-tourn"]
[EventRounds "11"]
[EventCountry "CZE"]
[SourceTitle "EXT 2024"]
[Source "ChessBase"]
[SourceDate "2023.10.10"]
[SourceVersion "1"]
[SourceVersionDate "2023.10.10"]
[SourceQuality "1"]
[WhiteTeam "Brno Lokomotiva"]
[BlackTeam "Litovel Tatran"]
[WhiteTeamCountry "CZE"]
[BlackTeamCountry "CZE"]

1. e4 d6 2. d4 Nf6 3. Nc3 e5 4. Nf3 Nbd7 5. Bc4 Be7 6. a4 0-0 7. h3 c6 8. 0-0 Nxe4 9. Nxe4 d5 10. Nc3 dxc4 11. dxe5 Qa5 12. Bf4 Nc5 13. Qe2 Qb4 14. a5 Bf5 15. Nd4 Bg6 16. Bd2 Ne6 17. Nxe6 fxe6 18. Nd5 Qc5 19. Nxe7+ Qxe7 20. Qxc4 c5 21. Be3 Rac8 22. Rad1 Rc6 23. Rd2 Rd8 24. Rfd1 Rxd2 25. Rxd2 Qc7 26. Qh4 h5 27. Qg5 Qf7 28. Rd8+ Kh7 29. Rb8 Bxc2 30. Qd8 Bf5 31. Qh8+ Kg6 32. Rg8 Bb1 33. Qh6+ Kf5 34. Qh7+ Qg6 35. Qh8 Be4 36. g4+ hxg4 37. Rxg7 Rc8 38. Rxg6 Rxh8 39. Rg5# 1-0

[Event "CZE-chT2B 1920"]
[Site "Czech Republic"]
[Date "2020.06.18"]
[Round "10.6"]
[White "Prochazka, Dalibor"]
[Black "Nemec, David"]
[Result "0-1"]
[WhiteElo "2167"]
[BlackElo "2015"]
[PlyCount "146"]
[EventDate "2019.10.13"]
[EventType "team-tourn"]
[EventRounds "11"]
[EventCountry "CZE"]
[SourceTitle "EXT 2024"]
[Source "ChessBase"]
[SourceDate "2023.10.10"]
[SourceVersion "1"]
[SourceVersionDate "2023.10.10"]
[SourceQuality "1"]
[WhiteTeam "Karlovy Vary Tietz"]
[BlackTeam "Kladno"]
[WhiteTeamCountry "CZE"]
[BlackTeamCountry "CZE"]

1. e4 c6 2. Nc3 d5 3. Nf3 e6 4. d4 Nd7 5. Bd3 dxe4 6. Nxe4 Ngf6 7. Bg5 Be7 8. Nxf6+ Nxf6 9. c3 0-0 10. Qe2 Qc7 11. h4 b6 12. h5 Bb7 13. Bxf6 gxf6 14. Qe3 Kg7 15. Rh3 Bd6 16. Rh4 Rg8 17. Rg4+ Kf8 18. Qh6+ Ke7 19. Rg7 c5 20. Nh4 cxd4 21. cxd4 Bb4+ 22. Ke2 Rxg7 23. Qxg7 Qf4 24. Qg3 Qxg3 25. fxg3 h6 26. Rc1 Bd6 27. Nf3 Rg8 28. Ke3 Rxg3 29. Rc2 Rg4 30. a3 Bd5 31. b4 Rg8 32. Be4 Bxe4 33. Kxe4 f5+ 34. Ke3 Kd7 35. Kf2 Rc8 36. Rxc8 Kxc8 37. Ke3 Kd7 38. Kd3 Kc6 39. Nd2 Kd5 40. Nb1 Kc6 41. Nc3 a6 42. Nd1 Bf4 43. Nc3 f6 44. a4 b5 45. axb5+ axb5 46. Nd1 Bd6 47. Kc3 Bg3 48. Ne3 Be1+ 49. Kb3 Bd2 50. Nc2 e5 51. dxe5 fxe5 52. Na3 f4 53. Nc2 Kd5 54. Na3 e4 55. Nxb5 f3 56. gxf3 exf3 57. Kc2 f2 58. Kxd2 f1Q 59. Nc3+ Kc4 60. Ne2 Qg2 61. Ke3 Qh3+ 62. Ke4 Qxh5 63. Nf4 Qg4 64. Ke3 Kxb4 65. Nd3+ Kc3 66. Nf2 Qg3+ 67. Ke2 Kd4 68. Kf1 h5 69. Nh1 Qf3+ 70. Kg1 Ke3 71. Kh2 h4 72. Nf2 Qxf2+ 73. Kh1 Qe2 0-1

[Event "Klatovy op-A 23rd"]
[Site "Klatovy"]
[Date "2017.07.07"]
[Round "7"]
[White "Nemec, David"]
[Black "Kusa, Jakub"]
[Result "1/2-1/2"]
[WhiteElo "2043"]
[BlackElo "1828"]
[PlyCount "42"]
[EventDate "2017.07.01"]
[EventType "swiss"]
[EventRounds "9"]
[EventCountry "CZE"]
[SourceTitle "EXT 2018"]
[Source "ChessBase"]
[SourceDate "2017.10.13"]
[SourceVersion "1"]
[SourceVersionDate "2017.10.13"]
[SourceQuality "1"]

1. d4 Nf6 2. c4 e6 3. Nc3 Bb4 4. Qc2 d5 5. a3 Bxc3+ 6. Qxc3 b6 7. Nf3 Bb7 8. Bg5 Nbd7 9. e3 Rc8 10. Bd3 c5 11. cxd5 exd5 12. 0-0 0-0 13. Rac1 Re8 14. Bf5 Rc6 15. b4 g6 16. Bxd7 Qxd7 17. Bxf6 Rxf6 18. dxc5 Rxf3 19. gxf3 Qf5 20. Qd4 Re4 21. fxe4 Qg4+ 1/2-1/2

[Event "CZE-chT2A 1617"]
[Site "Czech Republic"]
[Date "2017.03.19"]
[Round "10.8"]
[White "Nemec, David"]
[Black "Molkanov, Oleg"]
[Result "1-0"]
[WhiteElo "2047"]
[BlackElo "1920"]
[PlyCount "111"]
[EventDate "2016.10.09"]
[EventType "team-tourn"]
[EventRounds "11"]
[EventCountry "CZE"]
[SourceTitle "EXT 2022"]
[Source "ChessBase"]
[SourceDate "2021.10.06"]
[SourceVersion "1"]
[SourceVersionDate "2021.10.06"]
[SourceQuality "1"]
[WhiteTeam "Kladno"]
[BlackTeam "Praha Kobylisy"]
[WhiteTeamCountry "CZE"]
[BlackTeamCountry "CZE"]

1. c4 f5 2. d4 e6 3. Nc3 Nf6 4. g3 Be7 5. Bg2 0-0 6. Nf3 d6 7. 0-0 c6 8. Qc2 a6 9. e4 fxe4 10. Nxe4 Nxe4 11. Qxe4 Bf6 12. Bf4 Re8 13. Rfe1 Qe7 14. Re2 a5 15. Rae1 Na6 16. Bh3 g5 17. Bd2 Qg7 18. Bg4 c5 19. Bc3 cxd4 20. Bxd4 Bxd4 21. Qxd4 Qxd4 22. Nxd4 e5 23. Bh5 Rd8 24. Nb5 Be6 25. b3 a4 26. Rd2 axb3 27. axb3 Nc5 28. Rxd6 Rxd6 29. Nxd6 Bh3 30. f3 Ra2 31. Ne4 Rg2+ 32. Kh1 Nxe4 33. Rxe4 Rb2 34. Kg1 Rxb3 35. Rxe5 h6 36. Rb5 Rc3 37. Rxb7 Rc1+ 38. Kf2 Be6 39. Rb6 Bxc4 40. Rxh6 Rc2+ 41. Ke3 Bf7 42. Bxf7+ Kxf7 43. h4 Rc3+ 44. Ke4 g4 45. fxg4 Rxg3 46. Kf4 Ra3 47. g5 Kg7 48. Kg4 Ra4+ 49. Kh5 Ra8 50. Rb6 Ra5 51. Rb7+ Kg8 52. Kh6 Ra6+ 53. g6 Ra8 54. h5 Rc8 55. Rb5 Ra8 56. Kg5 1-0

[Event "CZE-ch U14"]
[Site "Kouty nad Desnou"]
[Date "2017.03.18"]
[Round "9"]
[White "Hejsek, Lukas"]
[Black "Nemec, David"]
[Result "1/2-1/2"]
[WhiteElo "1747"]
[BlackElo "1688"]
[PlyCount "44"]
[EventDate "2017.03.11"]
[EventType "swiss"]
[EventRounds "9"]
[EventCountry "CZE"]
[SourceTitle "CBM 177 Extra"]
[Source "ChessBase"]
[SourceDate "2017.04.27"]
[SourceVersion "1"]
[SourceVersionDate "2017.04.27"]
[SourceQuality "1"]

1. e4 c5 2. b4 cxb4 3. a3 d6 4. axb4 Nf6 5. Nc3 e6 6. Ba3 Be7 7. d4 0-0 8. Bd3 a6 9. b5 axb5 10. e5 dxe5 11. Bxe7 Rxa1 12. Qxa1 Qxe7 13. dxe5 Nd5 14. Nge2 Bd7 15. 0-0 Bc6 16. Bxb5 Qc5 17. Bxc6 Nxc6 18. Re1 Ndb4 19. Ne4 Qxc2 20. Qb1 Qc4 21. N2g3 Qd4 22. Ng5 g6 1/2-1/2

[Event "CZE-ch U14"]
[Site "Kouty nad Desnou"]
[Date "2017.03.17"]
[Round "8"]
[White "Nemec, David"]
[Black "Barak, David"]
[Result "1/2-1/2"]
[WhiteElo "1688"]
[BlackElo "1658"]
[PlyCount "42"]
[EventDate "2017.03.11"]
[EventType "swiss"]
[EventRounds "9"]
[EventCountry "CZE"]
[SourceTitle "CBM 177 Extra"]
[Source "ChessBase"]
[SourceDate "2017.04.27"]
[SourceVersion "1"]
[SourceVersionDate "2017.04.27"]
[SourceQuality "1"]

1. e4 c6 2. d4 d5 3. exd5 cxd5 4. c4 Nf6 5. Nc3 e6 6. Nf3 Bb4 7. c5 Ne4 8. Qc2 0-0 9. Bd3 f5 10. Bd2 Bxc3 11. Bxc3 Nc6 12. 0-0 g5 13. Bxe4 fxe4 14. Ne5 Nxe5 15. dxe5 Bd7 16. Rfe1 Bb5 17. Bd4 Rf5 18. Re3 Qf8 19. Rg3 Kh8 20. b4 a6 21. a4 Bc4 1/2-1/2

[Event "CZE-ch U14"]
[Site "Kouty nad Desnou"]
[Date "2017.03.16"]
[Round "7"]
[White "Machacek, Lukas"]
[Black "Nemec, David"]
[Result "0-1"]
[WhiteElo "1579"]
[BlackElo "1688"]
[PlyCount "102"]
[EventDate "2017.03.11"]
[EventType "swiss"]
[EventRounds "9"]
[EventCountry "CZE"]
[SourceTitle "CBM 177 Extra"]
[Source "ChessBase"]
[SourceDate "2017.04.27"]
[SourceVersion "1"]
[SourceVersionDate "2017.04.27"]
[SourceQuality "1"]

1. e4 d6 2. d4 Nf6 3. Nc3 Nbd7 4. Bc4 e5 5. Nf3 Be7 6. 0-0 0-0 7. Bg5 c6 8. Bb3 Qc7 9. Qe2 a5 10. a4 Re8 11. Rfd1 Bf8 12. Be3 h6 13. d5 Ng4 14. Bd2 Nc5 15. Bc4 Kh8 16. h3 Nf6 17. Rdb1 g5 18. Nh2 Bg7 19. b4 axb4 20. Rxb4 Rf8 21. Rab1 Ng8 22. dxc6 bxc6 23. Be3 Ne6 24. Rb6 Nf4 25. Qd2 Ne7 26. Bxf4 exf4 27. Nf3 Ng6 28. Nd4 Ne5 29. Be2 Ra7 30. Rb8 Bd7 31. R8b6 f5 32. exf5 Bxf5 33. Nxf5 Rxf5 34. Rb8+ Rf8 35. R8b6 d5 36. f3 Rd8 37. Qe1 Nxf3+ 38. Bxf3 Bd4+ 39. Kh1 Bxb6 40. Qe6 Kg7 41. Bh5 Rd6 42. Qe8 Qd8 43. Qe5+ Rf6 44. Re1 Be3 45. Nd1 Re7 46. Qb2 d4 47. Qb3 Bd2 48. Rxe7+ Qxe7 49. Kh2 Be1 50. Qf3 Bg3+ 51. Kg1 Re6 0-1

[Event "CZE-ch U14"]
[Site "Kouty nad Desnou"]
[Date "2017.03.13"]
[Round "4"]
[White "Nemec, David"]
[Black "Kopec, Ladislav1"]
[Result "0-1"]
[WhiteElo "1688"]
[BlackElo "1713"]
[PlyCount "42"]
[EventDate "2017.03.11"]
[EventType "swiss"]
[EventRounds "9"]
[EventCountry "CZE"]
[SourceTitle "CBM 177 Extra"]
[Source "ChessBase"]
[SourceDate "2017.04.27"]
[SourceVersion "1"]
[SourceVersionDate "2017.04.27"]
[SourceQuality "1"]

1. e4 c5 2. c3 d5 3. exd5 Qxd5 4. d4 g6 5. Nf3 Bg7 6. Be2 e6 7. 0-0 cxd4 8. Nxd4 a6 9. Be3 Ne7 10. Nd2 0-0 11. N2b3 Qd8 12. Qc1 Nd5 13. Bh6 Qc7 14. Bf3 Rd8 15. Bxg7 Kxg7 16. Re1 Nf6 17. Qe3 Nbd7 18. Rad1 Nb6 19. Qe5 Qxe5 20. Rxe5 Nc4 21. Re2 e5 0-1

[Event "EU-ch U14 26th"]
[Site "Prague"]
[Date "2016.08.26"]
[Round "8"]
[White "Mahmutbegovic, Muharem"]
[Black "Nemec, David"]
[Result "1-0"]
[WhiteElo "1966"]
[BlackElo "1721"]
[PlyCount "67"]
[EventDate "2016.08.18"]
[EventType "swiss"]
[EventRounds "9"]
[EventCountry "CZE"]
[SourceTitle "CBM 174 Extra"]
[Source "ChessBase"]
[SourceDate "2016.10.10"]
[SourceVersion "1"]
[SourceVersionDate "2016.10.10"]
[SourceQuality "1"]

1. e4 d6 2. d4 Nf6 3. Nc3 Nbd7 4. Be3 e5 5. d5 c6 6. Be2 Be7 7. Qd2 0-0 8. f4 Nb6 9. Nf3 Ng4 10. Bg1 Qc7 11. 0-0-0 exf4 12. h3 Ne3 13. Bxe3 fxe3 14. Qxe3 Nd7 15. Qd2 Rd8 16. Rhf1 a6 17. g4 c5 18. Ng5 Ne5 19. Nf3 Nd7 20. g5 b5 21. Qf4 f6 22. gxf6 Bxf6 23. Nh4 Ne5 24. Rg1 Qe7 25. Nf5 Bxf5 26. Qxf5 Kh8 27. Kb1 Nc4 28. Bxc4 bxc4 29. Qf1 Bxc3 30. bxc3 Rab8+ 31. Ka1 Qxe4 32. Qf7 Rg8 33. Rb1 Qe3 34. Qxg7+ 1-0

[Event "Brno Duras op"]
[Site "Brno"]
[Date "2016.07.03"]
[Round "9"]
[White "Feldvabl, Vilem"]
[Black "Nemec, David"]
[Result "1/2-1/2"]
[WhiteElo "1627"]
[BlackElo "1719"]
[PlyCount "42"]
[EventDate "2016.06.25"]
[EventType "swiss"]
[EventRounds "9"]
[EventCountry "CZE"]
[SourceTitle "CBM 173 Extra"]
[Source "ChessBase"]
[SourceDate "2016.08.29"]
[SourceVersion "1"]
[SourceVersionDate "2016.08.29"]
[SourceQuality "1"]

1. d4 d5 2. c4 e6 3. Nf3 Nf6 4. Bg5 Nbd7 5. e3 Be7 6. Be2 0-0 7. 0-0 c6 8. Nbd2 Re8 9. Rc1 Qc7 10. Bf4 Bd6 11. Bxd6 Qxd6 12. c5 Qc7 13. b4 e5 14. dxe5 Nxe5 15. Nxe5 Qxe5 16. Nf3 Qc7 17. h3 a6 18. Qc2 Ne4 19. Bd3 Bf5 20. Ng5 Bg6 21. Nxe4 Bxe4 1/2-1/2

[Event "Brno Duras op"]
[Site "Brno"]
[Date "2016.06.29"]
[Round "5"]
[White "Nemec, David"]
[Black "Havel, Frantisek"]
[Result "1-0"]
[WhiteElo "1719"]
[BlackElo "1798"]
[PlyCount "109"]
[EventDate "2016.06.25"]
[EventType "swiss"]
[EventRounds "9"]
[EventCountry "CZE"]
[SourceTitle "CBM 173 Extra"]
[Source "ChessBase"]
[SourceDate "2016.08.29"]
[SourceVersion "1"]
[SourceVersionDate "2016.08.29"]
[SourceQuality "1"]

1. c4 e5 2. Nc3 Nf6 3. g3 Bc5 4. Bg2 0-0 5. d3 h6 6. Nf3 Nc6 7. 0-0 Re8 8. Na4 Bf8 9. Nc3 Rb8 10. a3 a5 11. Bd2 d6 12. Nd5 Be6 13. Nxf6+ Qxf6 14. Bc3 Bd7 15. Nd2 b6 16. f4 Qd8 17. b4 axb4 18. axb4 Qe7 19. f5 f6 20. b5 Nd8 21. Ra7 Bc8 22. Bb4 Nb7 23. Ne4 Kh7 24. Nc3 Rd8 25. g4 Qf7 26. h4 Be7 27. Nd5 Bf8 28. g5 Qh5 29. gxf6 Qxh4 30. fxg7 Bxg7 31. e4 Bf6 32. Bd2 Rg8 33. Qe1 Qxe1 34. Nxf6+ Kg7 35. Nh5+ Kf7 36. Rxe1 Ke7 37. Re3 Kd8 38. Bb4 Bd7 39. Rg3 Rxg3 40. Nxg3 Be8 41. Bf3 Kc8 42. f6 Bf7 43. Nf5 Kd7 44. Ng7 Nc5 45. Bxc5 dxc5 46. Bg4+ Kd8 47. Ne6+ Bxe6 48. Bxe6 h5 49. Kh2 Ke8 50. Rxc7 Rd8 51. Rc8 Rxc8 52. Bxc8 Kf7 53. Kh3 Kxf6 54. Kh4 Kg6 55. Bd7 1-0

[Event "Brno Duras op"]
[Site "Brno"]
[Date "2015.06.30"]
[Round "4"]
[White "Neduchal, Jiri"]
[Black "Nemec, David"]
[Result "1/2-1/2"]
[WhiteElo "1737"]
[BlackElo "1677"]
[PlyCount "84"]
[EventDate "2015.06.27"]
[EventType "swiss"]
[EventRounds "9"]
[EventCountry "CZE"]
[SourceTitle "CBM 167 Extra"]
[Source "ChessBase"]
[SourceDate "2015.09.14"]
[SourceVersion "1"]
[SourceVersionDate "2015.09.14"]
[SourceQuality "1"]

1. Nf3 Nf6 2. c4 c6 3. Nc3 d5 4. cxd5 cxd5 5. d4 Nc6 6. Bf4 e6 7. e3 Be7 8. Bd3 0-0 9. 0-0 Nh5 10. Bg3 Nxg3 11. hxg3 Bf6 12. a3 Bd7 13. Qc2 h6 14. Nh2 Rc8 15. f4 Na5 16. Nf3 Nc4 17. Qf2 Qc7 18. g4 Nxb2 19. Qxb2 Qxc3 20. Qe2 Qc7 21. Ne5 Bxe5 22. fxe5 Qd8 23. Rf3 Qg5 24. Rh3 g6 25. g3 b6 26. Kg2 Kg7 27. Rah1 Rh8 28. Rf1 Ba4 29. Rhh1 Rc7 30. Rf6 h5 31. Rhf1 Qxg4 32. Qf2 Be8 33. Rh1 h4 34. Rh3 hxg3 35. Rxg6+ Qxg6 36. Rxg3 Qxg3+ 37. Kxg3 Kf8 38. Qb2 f6 39. Qb4+ Kf7 40. exf6 Kxf6 41. Qd6 Rg7+ 42. Kf2 Rhg8 1/2-1/2

[Event "Brno Duras op"]
[Site "Brno"]
[Date "2015.06.28"]
[Round "2"]
[White "Urbanec, Vladimir"]
[Black "Nemec, David"]
[Result "0-1"]
[WhiteElo "1481"]
[BlackElo "1677"]
[PlyCount "64"]
[EventDate "2015.06.27"]
[EventType "swiss"]
[EventRounds "9"]
[EventCountry "CZE"]
[SourceTitle "CBM 167 Extra"]
[Source "ChessBase"]
[SourceDate "2015.09.14"]
[SourceVersion "1"]
[SourceVersionDate "2015.09.14"]
[SourceQuality "1"]

1. d4 d5 2. c4 c6 3. Nf3 Nf6 4. Nc3 e6 5. Bg5 Be7 6. e3 Nbd7 7. Bd3 dxc4 8. Bxc4 b5 9. Bd3 a6 10. 0-0 c5 11. dxc5 Nxc5 12. Bc2 0-0 13. Qe2 Bb7 14. Rfd1 Qc7 15. Rd4 h6 16. Bf4 Qb6 17. Rad1 Rad8 18. b4 Ncd7 19. Ne5 Nxe5 20. Bxe5 Qc6 21. Ne4 Nd5 22. f3 Bxb4 23. Qd3 f5 24. Nf2 Bc5 25. Rg4 Rf7 26. e4 fxg4 27. exd5 Rxd5 28. Qh7+ Kf8 29. Rxd5 Qxd5 30. Bxg7+ Rxg7 31. Qh8+ Kf7 32. Qxh6 Qg5 0-1

[Event "CZE-ch U12"]
[Site "Kouty nad Desnou"]
[Date "2015.03.12"]
[Round "7"]
[White "Nemec, David"]
[Black "Glozar, Petr"]
[Result "1/2-1/2"]
[WhiteElo "1506"]
[BlackElo "1718"]
[PlyCount "27"]
[EventDate "2015.03.07"]
[EventType "swiss"]
[EventRounds "9"]
[EventCountry "CZE"]
[SourceTitle "EXT 2017"]
[Source "ChessBase"]
[SourceDate "2016.10.25"]
[SourceVersion "1"]
[SourceVersionDate "2016.10.25"]
[SourceQuality "1"]

1. c4 e6 2. e4 Nc6 3. Nc3 Bc5 4. Nge2 e5 5. Na4 d6 6. a3 a5 7. d3 Bg4 8. Nxc5 dxc5 9. Be3 Bxe2 10. Bxe2 Nd4 11. 0-0 Ne7 12. f4 Nec6 13. f5 f6 14. Bh5+ 1/2-1/2

[Event "CZE-ch U12"]
[Site "Kouty nad Desnou"]
[Date "2015.03.10"]
[Round "5"]
[White "Svanda, Ondrej"]
[Black "Nemec, David"]
[Result "0-1"]
[WhiteElo "1805"]
[BlackElo "1506"]
[PlyCount "76"]
[EventDate "2015.03.07"]
[EventType "swiss"]
[EventRounds "9"]
[EventCountry "CZE"]
[SourceTitle "EXT 2017"]
[Source "ChessBase"]
[SourceDate "2016.10.25"]
[SourceVersion "1"]
[SourceVersionDate "2016.10.25"]
[SourceQuality "1"]

1. e4 c5 2. Nc3 Nc6 3. g3 d6 4. Bg2 Nf6 5. d3 e6 6. f4 Be7 7. Nf3 Qc7 8. 0-0 0-0 9. h3 Rb8 10. Be3 b5 11. Qd2 a5 12. Ne2 b4 13. g4 a4 14. Ng3 Ba6 15. g5 Nd7 16. Rf2 Nb6 17. Bf1 d5 18. Rg2 dxe4 19. Nxe4 c4 20. h4 Rfd8 21. d4 Nd5 22. h5 Bd6 23. Nxd6 Qxd6 24. c3 a3 25. bxa3 bxc3 26. Qc1 Nxe3 27. Qxe3 Nxd4 28. Ne5 Qc5 29. Kh2 Bb7 30. Rg3 c2 31. g6 hxg6 32. hxg6 f6 33. Nxc4 Qd5 34. Be2 Nf5 35. Qf2 Nxg3 36. Qxg3 Qe4 37. Qf2 Ba6 38. Re1 Bxc4 0-1

[Event "Brno Duras op-B"]
[Site "Brno"]
[Date "2014.07.01"]
[Round "4"]
[White "Nemec, David"]
[Black "Kacalek, Tomas"]
[Result "1/2-1/2"]
[WhiteElo "1508"]
[BlackElo "1506"]
[PlyCount "43"]
[EventDate "2014.06.28"]
[EventType "swiss"]
[EventRounds "9"]
[EventCountry "CZE"]
[SourceTitle "EXT 2017"]
[Source "ChessBase"]
[SourceDate "2016.10.25"]
[SourceVersion "1"]
[SourceVersionDate "2016.10.25"]
[SourceQuality "1"]

1. e4 e5 2. Nf3 Nc6 3. d4 exd4 4. Nxd4 Nf6 5. Nc3 d6 6. Bg5 h6 7. Bh4 Be7 8. Nxc6 bxc6 9. Bd3 Bg4 10. f3 Bd7 11. 0-0 0-0 12. Re1 Kh8 13. e5 Ng8 14. Bxe7 Nxe7 15. exd6 cxd6 16. Kh1 d5 17. Na4 Ng8 18. Nc5 Bc8 19. c4 Qd6 20. Nb3 Nf6 21. cxd5 cxd5 22. Rc1 1/2-1/2

[Event "CZE-ch U12"]
[Site "Kouty nad Desnou"]
[Date "2014.03.11"]
[Round "5"]
[White "Riha, Vojtech"]
[Black "Nemec, David"]
[Result "0-1"]
[WhiteElo "1526"]
[BlackElo "1570"]
[PlyCount "94"]
[EventDate "2014.03.08"]
[EventType "swiss"]
[EventRounds "9"]
[EventCountry "CZE"]
[SourceTitle "EXT 2015"]
[Source "ChessBase"]
[SourceDate "2014.11.20"]
[SourceVersion "1"]
[SourceVersionDate "2014.11.20"]
[SourceQuality "1"]

1. d4 d5 2. c4 c6 3. Nc3 Nf6 4. Bg5 Nbd7 5. Nf3 e6 6. e3 Be7 7. Bd3 dxc4 8. Bxc4 b5 9. Bd3 a6 10. 0-0 c5 11. Rc1 Bb7 12. Bb1 c4 13. Qe2 0-0 14. e4 h6 15. Bh4 Re8 16. Qc2 Nf8 17. Rfe1 Qc7 18. Bxf6 Bxf6 19. e5 Be7 20. Ne4 Bd5 21. Re3 Rac8 22. Rce1 b4 23. Nfd2 Qa7 24. Nf3 a5 25. Ned2 Rc7 26. Rc1 Rec8 27. Qd1 Qb6 28. Be4 Bxe4 29. Nxe4 Ng6 30. g3 Rd8 31. Qe2 Qc6 32. Kf1 Rdc8 33. Qe1 Qa4 34. Qe2 Kh7 35. Kg1 Qxa2 36. Qd2 Qa4 37. Kg2 b3 38. Nc3 Qb4 39. Ra1 Qb6 40. Qe2 Bb4 41. Na4 Qb7 42. Kg1 c3 43. Nxc3 Bxc3 44. Rxc3 Rxc3 45. bxc3 Rxc3 46. Rxa5 b2 47. Rb5 b1Q+ 0-1

[Event "CZE-ch U12"]
[Site "Kouty nad Desnou"]
[Date "2014.03.09"]
[Round "2"]
[White "Nemec, David"]
[Black "Polansky, Adam Lubos"]
[Result "1/2-1/2"]
[WhiteElo "1570"]
[BlackElo "1542"]
[PlyCount "140"]
[EventDate "2014.03.08"]
[EventType "swiss"]
[EventRounds "9"]
[EventCountry "CZE"]
[SourceTitle "EXT 2015"]
[Source "ChessBase"]
[SourceDate "2014.11.20"]
[SourceVersion "1"]
[SourceVersionDate "2014.11.20"]
[SourceQuality "1"]

1. e4 c6 2. d4 d5 3. exd5 cxd5 4. c4 Nf6 5. Nc3 Nc6 6. Bg5 e6 7. Nf3 Be7 8. Bd3 Qb6 9. Na4 Qa5+ 10. Bd2 Bb4 11. Nc3 dxc4 12. Bxc4 0-0 13. 0-0 a6 14. a3 Be7 15. Nd5 Qd8 16. Nxe7+ Qxe7 17. Ne5 Qc7 18. Nxc6 Qxc6 19. Rc1 b5 20. Be2 Qb6 21. Bf3 Bb7 22. Be3 Bxf3 23. Qxf3 Nd5 24. Rfd1 Nxe3 25. Qxe3 Rac8 26. h3 Rfd8 27. Rxc8 Rxc8 28. Rc1 Rxc1+ 29. Qxc1 g6 30. Qc8+ Kg7 31. Qc5 Qd8 32. g3 Qf6 33. Qb6 e5 34. Qxf6+ Kxf6 35. dxe5+ Kxe5 36. Kf1 Kd4 37. Ke2 Kc4 38. Kd2 Kb3 39. Kc1 h6 40. f3 f6 41. g4 g5 42. Kb1 a5 43. Kc1 Kc4 44. Kc2 a4 45. Kd2 Kd4 46. Ke2 Kc4 47. Kd2 Kd4 48. Ke2 Ke5 49. Ke3 f5 50. Ke2 fxg4 51. hxg4 Kd4 52. Kd2 Kc4 53. Kc2 b4 54. axb4 Kxb4 55. Kc1 Kc4 56. Kc2 Kc5 57. Kc3 Kb5 58. Kc2 Kb4 59. Kc1 Kc4 60. Kc2 Kc5 61. Kc3 Kb5 62. Kd3 Kb4 63. Kd2 Kb3 64. Kc1 Kb4 65. Kd2 Kc5 66. Kc3 Kb5 67. Kd3 Kb4 68. Kd2 Kc5 69. Kc3 Kb5 70. Kd3 Kb4 1/2-1/2

[Event "CZE-ch U12"]
[Site "Kouty nad Desnou"]
[Date "2014.03.08"]
[Round "1"]
[White "Petr, Jakub"]
[Black "Nemec, David"]
[Result "1/2-1/2"]
[WhiteElo "1605"]
[BlackElo "1570"]
[PlyCount "20"]
[EventDate "2014.03.08"]
[EventType "swiss"]
[EventRounds "9"]
[EventCountry "CZE"]
[SourceTitle "EXT 2015"]
[Source "ChessBase"]
[SourceDate "2014.11.20"]
[SourceVersion "1"]
[SourceVersionDate "2014.11.20"]
[SourceQuality "1"]

1. e4 c5 2. Nf3 d6 3. d4 cxd4 4. Qxd4 Bd7 5. Be3 Nc6 6. Qd2 Nf6 7. Nc3 e6 8. 0-0-0 a6 9. Bf4 e5 10. Bg5 Be6 1/2-1/2